000 01481nam a2200481 i 4500
001 56044
003 KOSZ 005
005 20220114084636.0
008 070202s2007 pl a f |001 0 pol
015 _aUWD 2007/3770
020 _a8324605975
020 _a9788324605972
035 _a991032949849705066
035 _a(PL-WaBN)b18832295-48omnis_nlop
035 _ab18832295
035 _a(OCoLC)831168847
035 _azz2007902047
035 _a(PL)b0000001883229
035 _a(EXLNZ-48OMNIS_NETWORK)9910060600605606
040 _aWA N
_cWA N
_dKOSZ 005/HR
046 _k2007
080 _a004.42
080 _a004.438
080 _a(07)
100 1 _aRychlicki-Kicior, Krzysztof
_eAutor
245 1 0 _aJ2ME :
_bpraktyczne projekty /
_cKrzysztof Rychlicki-Kicior.
260 _aGliwice :
_bWydawnictwo Helion,
_ccop. 2007.
300 _a212 s. :
_bil. ;
_c24 cm.
336 _aTekst
_btxt
_2rdacontent
337 _aBez urządzenia pośredniczącego
_bn
_2rdamedia
338 _aWolumin
_bnc
_2rdacarrier
380 _aKsiążki
380 _aPublikacje fachowe
388 _a2001-
504 _aBibliogr. s. 201. Indeks.
650 7 _aJ2ME
_2DBN
655 7 _aPodręcznik
_2DBN
658 _aInformatyka i technologie informacyjne
710 2 _aHelion
_4pbl
856 _uhttp://koha.tu.koszalin.pl/cgi-bin/koha/opac-detail.pl?biblionumber=56044
_yKatalog online BPK
942 _2UKD
_cKS
999 _c56044
_d56044